| 000 | 04149nam a2200421 i 4500 | ||
|---|---|---|---|
| 001 | 2679 | ||
| 003 | gtuscu | ||
| 005 | 20260210154437.0 | ||
| 007 | ta | ||
| 008 | 260210e2000 spaa|||| |||| 00| 0 gt d | ||
| 040 |
_agtuscu _bspa _cgtuscu _dgtuscu _erda |
||
| 082 | 0 | 4 | _aCEUR 333.32 M829 |
| 100 | 1 |
_aMorán Mérida, Amanda _d1952- ; _95 _ecreadora |
|
| 245 | 1 |
_aCondiciones de vida y tenencia de la tierra en asentamientos precarios de la ciudad de Guatemala / _cAmanda Morán Mérida; diseño de portada y edición Nelson Orlando Morales Borrayo |
|
| 250 | _aSegunda edición corregida y aumentada | ||
| 264 | 1 |
_aGuatemala : _bUniversidad de San Carlos de Guatemala, Dirección General de Investigación, Programa Universitario de Investigación en Asentamiento Humanos, Universidad Autónoma de Madrid, Centro de Estudios Urbanos y Regionales, _c2000. |
|
| 300 |
_a174 páginas : _bilustraciones blanco y negro ; _c21 cm |
||
| 336 |
_2rdacontenido _atexto _btxt |
||
| 337 |
_2rdamedio _asin mediación _bn |
||
| 338 |
_2rdasoporte _avolumen _bnc |
||
| 500 | _aPublicaciones commemorativas "XXV Aniversario" del CEUR (1975-2000). | ||
| 505 | 0 | _aPresentación -- | |
| 505 | 0 |
_aI. _tIntroducción -- |
|
| 505 | 0 |
_a1. _tAntecedentes históricos -- |
|
| 505 | 0 |
_a2. _tLos asentamientos precarios de la ciudad de Guatemala: Situación actual -- |
|
| 505 | 0 |
_a3. _tTenencia de la tierra en los asentamientos precarios -- |
|
| 505 | 0 |
_a4. _tExperiencias de regulación (1944-94) -- |
|
| 505 | 0 |
_a5. _tEl papel del Estado en los procesos de regularización de la propiedad de la tierra en los asentamientos precarios -- |
|
| 505 | 0 |
_aII. _tConclusiones y recomendaciones -- |
|
| 505 | 0 |
_aIII. _tBibliografía -- |
|
| 505 | 0 |
_aIV. _tAnexo. |
|
| 520 | 3 | _aTomado de la solapa. El Centro de Estudios Urbanos y Regionales se complace en iniciar con la reedición de este libro, la serie de publicaciones conmemorativas de sus veinticinco años de creación (1975-2000). Durante ese tiempo ha sido preocupación constante, producir y desarrollar conocimiento en el campo de los estudios urbanos y regionales, dentro de sus tres grandes áreas temáticas: historia territorial, dinámica territorial, dinámica social y políticas y régimen legal territorial. Línea prioritaria de investigación del Centro es el estudio de una de las expresiones del desarrollo desigual de nuestras ciudades, como son los asentamientos precarios. Desde distintos enfoques y en diferentes períodos, investigadores como Luis Alvarado Constenla, Flavio Quesada Saldaña, Florentín Martínez López y Amanda Morán Mérida, se han ocupado de este fenómeno que afecta a gran parte de la población del Área Metropolitana de la ciudad de Guatemala y las principales ciudades secundarias del país. Las condiciones de falta de servicios, deficiente vivienda y en general el empobrecimiento de los pobladores de estas áreas, nos muestra claramente que la falta de políticas de vivienda y la falta de equidad en la distribución de la riqueza que afectan al país, no sólo impactan negativamente en las condiciones de vida de los sectores sociales más excluidos, sino se encuentran estrechamente vinculadas con las desiguales características territoriales y espaciales de nuestro país. La magnitud de este fenómeno en el Área Metropolitana de la ciudad de Guatemala, en donde el 33% de la población subsiste en la ciudad en áreas precarias, no puede ser vista sin preocupación. Ante la falta de acceso a la tierra a través del mercado inmobiliario, persisten las acciones de ocupación de tierras privadas y estatales. Por ello el estudio de la tierra urbana, su acceso, tenencia y uso, son cuestiones cruciales para entender y explicar los procesos de segregación en nuestras ciudades. | |
| 650 | 1 | 7 |
_2LEMB _aTenencia de la tierra _zCiudad de Guatemala _976 |
| 650 | 1 | 7 |
_2LEMB _aAsentamientos humanos _zCiudad de Guatemala _977 |
| 650 | 1 | 7 |
_aAsentamientos humanos _xAspectos socioeconómicos _978 |
| 700 | 1 |
_aMorales Borrayo, Nelson Orlando _d1970- ; _913 _ediseño de portada y edición. |
|
| 942 |
_2ddc _cBK _hCEUR 333.32 M829 _n0 |
||
| 999 |
_c2679 _d2679 |
||